000 01167cam a2200289 a 4500
001 2561077
003 NUST-PNEC
005 20170116180708.0
008 950613s1996 enkab f 001 0 eng
010 _a 95030821
020 _a0632038829
040 _cPNEC
050 0 0 _aTK3271
_b.H28 1996
082 0 0 _a621.319'24 SMI
100 _9424
_aSmith, Alan
245 0 0 _aHandbook of electrical installation practice /
_cedited by Alan Smith.
250 _a3rd ed.
260 _aOxford ;
_aMalden, MA :
_bBlackwell Science,
_c1996.
300 _aviii, 653 p. :
_bill., maps ;
_c25 cm.
500 _aIncludes index. http://www.amazon.com/Handbook-Electrical-Installation-Practice-Smith/dp/0632038829/ref=sr_1_1?s=books&ie=UTF8&qid=1412051158&sr=1-1&keywords=0632038829
650 0 _aElectric wiring, Interior
_vHandbooks, manuals, etc.
_xEE, EL
650 0 _aElectric apparatus and appliances
_xInstallation
_zGreat Britain
_vHandbooks, manuals, etc.
700 1 _aSmith, Alan.
906 _a7
_bcbc
_corignew
_d1
_eocip
_f19
_gy-gencatlg
942 _2ddc
_cBK
999 _c60808
_d60808